kku e-library facility

Jawetz, Melnick & Adelberg's Medical Microbiology (Record no. 152)

MARC details
000 -LEADER
fixed length control field 00508nam a22001457a 4500
005 - DATE AND TIME OF LATEST TRANSACTION
control field 20260212092929.0
008 - FIXED-LENGTH DATA ELEMENTS--GENERAL INFORMATION
fixed length control field 260212b |||||||| |||| 00| 0 eng d
020 ## - INTERNATIONAL STANDARD BOOK NUMBER
International Standard Book Number 9781259255342
100 ## - MAIN ENTRY--PERSONAL NAME
Personal name Carroll C. Karen, Morse A. Stephen, Mietzner Timothy, Miller Steve
245 ## - TITLE STATEMENT
Title Jawetz, Melnick & Adelberg's Medical Microbiology
Statement of responsibility, etc. /Karen, Stephen, Timothy, Steve
250 ## - EDITION STATEMENT
Edition statement 27th Ed
260 ## - PUBLICATION, DISTRIBUTION, ETC.
Place of publication, distribution, etc. United States of America;
Name of publisher, distributor, etc. McGraw-Hill Education;
Date of publication, distribution, etc. 2016.
300 ## - PHYSICAL DESCRIPTION
Extent xii,851p, ill:
Dimensions 27.5cm
942 ## - ADDED ENTRY ELEMENTS (KOHA)
Source of classification or shelving scheme Dewey Decimal Classification
Koha item type Books
Suppress in OPAC No

No items available.

©2025 All rights reserved. KKU